00517nam a2200169Ia 4500003000900000008004100009020001800050040001600068080001500084100002000099245011000119260004200229300001300271650004100284650000800325650001400333IN-BaIIA211028s9999 xx 000 0 eng d a90-277-1275-1 cIIA Library a523.9bSOL aBonnet, Roger M 0aSolar phenomena in stars and stellar systemscRoger M Bonnet  aDordrechtbD. Reidel Publishingc1981 ax, 591p. aAstronomy and astrophysics thesaurus aSun aSun stars